| 000 | 00460nam a22001817a 4500 | ||
|---|---|---|---|
| 003 | 0 | ||
| 005 | 20220114142425.0 | ||
| 008 | 0 | ||
| 020 | _a0030635683 | ||
| 040 | _c0 | ||
| 050 |
_aHG221 _b.C1871 1984 |
||
| 100 | _aCampbell, Collin D. | ||
| 245 |
_aAn introduction to money and banking _cColin D. Campbell |
||
| 260 |
_aChicago: _bThe Dryden Press: _cc1984 |
||
| 300 |
_a517 pages: _bwith Illustrations; _c25 cm. |
||
| 504 | _aIncludes index | ||
| 942 |
_2lcc _cFR |
||
| 999 |
_c3218 _d3218 |
||